000 00584nam a2200241 a 4500
001 0001-1213
003 ELIB.Books
008 150519 2010 eng
020 _aKBTS
035 _a(ELIB.Books)0001-1368
092 _aJ
_bJor
100 _aJorgensen, Knud.
245 _aRegum Edingurgh Centenary Series:
_bMisssion in the Twenty-First
260 _c2013
300 _cVol. 37, No.1
500 _aLibrary
650 _aMission
856 _nKBTS: Library
_uKBTS: Elib
942 _2ddc
_cBK
990 _a1
998 _cbat
_e2015-05-19
999 _c11213
_d11213